000 00374nam a2200169Ia 4500
008 240830s2012 xx 000 0 und d
041 _amar
082 _a891.2/GAR
100 _aGARDHE, G .K.
245 _aSARTH VAGBHAT
250 _a1
260 _aPUNE
_c2012
300 _a564p
650 _aSANSKRIT SAMHITA
906 _aSARTH VAGBHAT
999 _c1188062
_d1188062